00502 2200193 4500001002100000005001500021035002000036007000300056008004100059020002400100082001000124084001600134100001800150245005600168250001100224260003500235300002200270990001600292INLIS00000000000015820260526022836 a0010-0526000046ta260526 b 0 ind  aISBN tidak tersedia a649.1 a649.1 ARY c0 aAry Indriyani1 aCatatan Untuk Bunda dan Ayah /cBunda Ary Indriyani aCet. I aBandung :bCordoba Kids,cs.a. a184 hlm. :bIlus. a00000000186